Trigonometría rectilínea y esférica /

Guardado en:
Autor Principal: Fossi Gutiérrez, Ignacio.
Formato: Libro
Idioma:Spanish
Publicado: Madrid : Editorial Dossat, 1948.
Materias:
Etiquetas: Agregar Etiqueta
Sin Etiquetas, Sea el primero en etiquetar este registro!
LEADER 00495cam a2200157u 4500
001 MAT.inmabb007152
008 840822s1948####sp#a##########000#0#spa##
005 20180823120005.0
245 0 0 |a Trigonometría rectilínea y esférica /  |c Ignacio Fossi Gutiérrez. 
260 |a Madrid :  |b Editorial Dossat,  |c 1948. 
300 |a xix, 402 p. :  |b diagrs. ;  |c 25 cm. 
510 4 |a MR,  |c *REVIEW #* 
100 1 |a Fossi Gutiérrez, Ignacio. 
650 0 |a Trigonometry. 
084 |a *CODIGO*  |2 MR 
859 |p A-9228  |b BIB. MATEMATICA